000 00588nam a2200193Ia 4500
005 20250913093110.0
008 240520s9999 xx 000 0 und d
041 _aTAMIL
082 _a920
082 _bTHA
100 _aதனுஜா சிங்கம்
245 0 _aதனுஜா ஈழத் திருநங்கையின் பயணமும் போராட்டமும்
250 _aII
260 _aசென்னை
260 _bகருப்புப் பிரதிகள்
260 _c2021
300 _a352 pages
942 _cTAMIL
999 _c501925
_d501925